| 000 | 01165nam a2200229 i 4500 | ||
|---|---|---|---|
| 001 | 128142 | ||
| 003 | ES-MaACL | ||
| 005 | 20250716063303.0 | ||
| 007 | t| | ||
| 008 | 070622m19001970fr |||| | fre d | ||
| 080 | _a821.133.1-23"17" | ||
| 100 | 0 |
_aVoltaire, _d1694-1778 _9115721 |
|
| 245 | 1 | 0 |
_aTheatre / _cVoltaire ; édition critique établie par Louis Moland. |
| 260 |
_aParis : _bGarnier Frères, _c[19...] |
||
| 300 |
_a5 v. ; _c24 cm. |
||
| 490 | 1 | _aChefs-d'oeuvre de la littérature | |
| 505 | 8 | _aContiene: v. I. Oedipe ; Mariamne ; Brutus ; L'indiscret ; Les originaux ; Eriphile ; Zaire -- v. II. Adélaide du Guesclin ; Alzyre ; L'enfant prodigue ; L'échange ; La mort de César -- v.III. Zulime ; Le fanatisme ; Mérope ; La prude ; Sémiramis ; La femme qui a raison -- v.IV. Nanine ; Oreste ; Saul ; L'écossaise ; Tancrède ; Rome sauvée -- v.V. Olympie ; Le triumvirat ; Les Guèbres ; Charlot ; Le dépositaire ; Les Scytes | |
| 700 | 1 |
_aMoland, Louis. _981839 |
|
| 830 | 0 |
_aChefs-d'oeuvre de la littérature _9219241 |
|
| 852 |
_aES-MaACL _jE-11807-11 _z. - Biblioteca Jacinto Martínez Lacalle |
||
| 999 |
_c128142 _d128142 |
||